| 000 | 00583nam a2200217Ia 4500 | ||
|---|---|---|---|
| 003 | BUBTL | ||
| 008 | 151213s9999 xx 000 0 und d | ||
| 020 | _a9780230-22492-2 | ||
| 082 | _a339MAM | ||
| 100 |
_a Mankiw, N.Gregory _9623 |
||
| 245 |
_aMacroeconomics : _cN.Gregory Mankiw |
||
| 250 | _a8th ed | ||
| 260 |
_aNew York : _bWorth Publishers, _cc2013. |
||
| 300 |
_axxxvi,623 p. : _c22 cm. |
||
| 650 | _aEconomics | ||
| 650 | _aEconomics | ||
| 700 |
_a Mankiw, N.Gregory _9623 |
||
| 856 |
_k0 _l0 _yDownload |
||
| 942 |
_2ddc _cBK |
||
| 999 |
_c4774 _d4774 |
||